Khảo sát hàm lượng đạm và đường trong nấm rơm khô và tươi Luận văn tốt nghiệp Đại học Sư phạm ngành Hóa Khóa 12

Sparad:
Bibliografiska uppgifter
Huvudupphovsman: Nguyễn Thị Thanh Vân
Materialtyp: Bok
Språk:Undetermined
Publicerad: Cần Thơ Trường Đại học Cần Thơ, Khoa Sư phạm, Bộ môn Hóa 1990
Ämnen:
Taggar: Lägg till en tagg
Inga taggar, Lägg till första taggen!
Thư viện lưu trữ: Trung tâm Học liệu Trường Đại học Cần Thơ
LEADER 00763nam a2200193Ia 4500
001 CTU_26853
008 210402s9999 xx 000 0 und d
082 |a 635.8 
082 |b V121/1990 
100 |a Nguyễn Thị Thanh Vân 
245 0 |a Khảo sát hàm lượng đạm và đường trong nấm rơm khô và tươi 
245 0 |b Luận văn tốt nghiệp Đại học Sư phạm ngành Hóa Khóa 12 
245 0 |c Nguyễn Thị Thanh Vân 
260 |a Cần Thơ 
260 |b Trường Đại học Cần Thơ, Khoa Sư phạm, Bộ môn Hóa 
260 |c 1990 
650 |a mushrooms, edible 
904 |i Nguyễn Quang Điền, 981020 
980 |a Trung tâm Học liệu Trường Đại học Cần Thơ